[Event "Bastia CC 20 years"]
[Site "Bastia"]
[Date "2008.11.06"]
[Round "?"]
[White "Michel, Damien"]
[Black "Schwarzkopf, Ludwig"]
[Result "0-1"]
[WhiteElo "1647"]
[BlackElo "1634"]
[PlyCount "50"]
[EventDate "2008.11.01"]
[EventType "swiss"]
[EventRounds "9"]
[EventCountry "FRA"]
[SourceTitle "CBM 127 Extra"]
[Source "ChessBase"]
[SourceDate "2009.01.08"]
[SourceVersion "2"]
[SourceVersionDate "2009.01.28"]
[SourceQuality "1"]

1. e4 c5 2. c3 Nf6 3. e5 Nd5 4. d4 cxd4 5. cxd4 d6 6. Nf3 Nc6 7. Bc4 Nb6 8. Bxf7+ Kxf7 9. Ng5+ Kg8 10. Qf3 Qe8 11. e6 g6 12. Be3 Bg7 13. Qf7+ Qxf7 14. Nxf7 Nxd4 15. Na3 Nxe6 16. Nxh8 Bxb2 17. Nxg6 hxg6 18. Rb1 Bxa3 19. Bxb6 axb6 20. Rxb6 Bc5 21. Rb2 b6 22. h4 Nf4 23. Kf1 Bb7 24. f3 Ba6+ 25. Ke1 Nd3+ 0-1

[Event "Bastia CC 20 years"]
[Site "Bastia"]
[Date "2008.11.05"]
[Round "?"]
[White "Humeau, Cyril"]
[Black "Schwarzkopf, Ludwig"]
[Result "1-0"]
[WhiteElo "2203"]
[BlackElo "1634"]
[PlyCount "41"]
[EventDate "2008.11.01"]
[EventType "swiss"]
[EventRounds "9"]
[EventCountry "FRA"]
[SourceTitle "CBM 127 Extra"]
[Source "ChessBase"]
[SourceDate "2009.01.08"]
[SourceVersion "2"]
[SourceVersionDate "2009.01.28"]
[SourceQuality "1"]

1. e4 e5 2. Nf3 d6 3. c3 c5 4. d4 cxd4 5. cxd4 Bg4 6. dxe5 Bxf3 7. gxf3 Qa5+ 8. Bd2 Qxe5 9. Bc3 Qe6 10. Qa4+ Nc6 11. Bc4 Qe7 12. Nd2 Nf6 13. 0-0-0 Nd7 14. Bd5 Rc8 15. Bxc6 Rxc6 16. Qxa7 Nc5 17. Qb8+ Kd7 18. Nc4 Qd8 19. Ne5+ Ke8 20. Qxd8+ Kxd8 21. Nxf7+ 1-0